00334nam a22001337a 4500003000700000005001700007008004100024082001900065100002300084245003000107260002700137300000800164650002800172MPLRDC20220104114515.0210129b ||||| |||| 00| 0 eng d a856.9 MJLM v.1 a名家联名执笔 a奇人奇事. 第一辑c ab新时代出版社c b平 a函牍及杂著--杂项